| 000 | 00705nam a22002057a 4500 | ||
|---|---|---|---|
| 999 |
_c20240 _d20240 |
||
| 003 | AR-CdUCM | ||
| 008 | 190528b ||||| |||| 00| 0 spa d | ||
| 020 | _a84-329-2703-1 | ||
| 040 |
_aMUNICIPALIDAD PROVINCIAL DEL CUSCO _cBIBLIOTECA MUNICIPAL DEL CUSCO |
||
| 082 |
_24ed _a692.2 / _bP5 |
||
| 245 | _aPlanos y croquis de edificios / | ||
| 260 |
_aBarcelona : _bCeac, _c1980. |
||
| 300 |
_a275 páginas ; _bPlanos, _c27 cm. |
||
| 500 | _aEnciclopedia ceac del delineante | ||
| 505 | _aContenido: Representaciones gráficas -- Representaciones de las medidas -- Lineas de acotado... | ||
| 650 |
_aDibujo técnico _940028 |
||
| 650 |
_aPlanos _913064 |
||
| 942 |
_2ddc _cLIBROS |
||
| 945 |
_adavv _d2019-05-28 |
||